| 000 | 00637nam a2200265 a 4500 | ||
|---|---|---|---|
| 003 | AR-BaBNM | ||
| 005 | 20251128202850.0 | ||
| 008 | 082120s2002 ||||||||||||||000 | spa|| | ||
| 040 | _cAR-BaBNM | ||
| 100 | 1 | _aNueda, Luis | |
| 245 | 0 | 0 |
_aMis libros _bA-L _n1 |
| 250 | _a6ª ed. | ||
| 260 |
_aMadrid _bAguilar _c1972 |
||
| 300 | _a989 p. | ||
| 500 | _aContiene reseñas del contenido de más de un millar de libros | ||
| 650 | 4 | _aDICCIONARIOS | |
| 650 | 4 | _aLITERATURA | |
| 650 | 4 | _aRELIGION | |
| 650 | 4 | _aFILOSOFIA | |
| 650 | 4 | _aCIENCIA | |
| 655 | _aREFERENCIA | ||
| 700 | 1 | _aEspina, Antonio | |
| 942 | _cBK | ||
| 998 | _claura | ||
| 999 |
_c952 _d952 |
||